| 000 | 00802nam a22002537a 4500 | ||
|---|---|---|---|
| 003 | SEM | ||
| 999 |
_c72100 _d72100 |
||
| 005 | 20220608074937.0 | ||
| 008 | 220120s1992 uk ||||gr|||||001 0 eng|d | ||
| 020 | _a1850752370 | ||
| 040 |
_aSEM _cSEM |
||
| 041 |
_aeng _hgerm |
||
| 082 | _a225.7/R-17 | ||
| 100 | _aRäisänen Heikki | ||
| 245 |
_aJesus, Paul and Torah. _bCollected essays / _cH. Räisänen; Trl.: D. E. Orton |
||
| 260 |
_aEngland : _bSheffield academic press, _c1992. |
||
| 300 |
_a286 p. ; _c22 cm |
||
| 490 |
_aJournal from the study of the New Testament: Supplement series _v43 |
||
| 504 | _aIndexes p.: 278-286 | ||
| 650 |
_aNew Testament _xdiscusses |
||
| 653 | _aՍԷՄ | ||
| 700 |
_aOrton David _etrl. |
||
| 830 |
_aJournal from the study of the New Testament: Supplement series _s43 |
||
| 942 |
_2ddc _cBK |
||